000 00811cam a22002773a 4500
001 8979
003 PGUSA
005 20140828083206.0
008 050901s2005||||xxu|||||s|||||000 1 eng d
040 _aPGUSA
_beng
042 _adc
050 4 _aPQ
100 1 _aVerne, Jules,
_d1828-1905
245 1 0 _aFive Weeks in a Balloon
_h[electronic resource] /
_cJules Verne
260 _bProject Gutenberg,
_c2005
506 _aCopyrighted. Read the copyright notice inside this book for details.
516 _aElectronic text
653 _aAfrica -- Fiction
653 _aScience fiction
653 _aBalloons -- Fiction
653 _aVoyages and travels -- Fiction
653 _aAdventure stories
830 0 _aProject Gutenberg
_v8979
856 4 0 _uhttp://www.gutenberg.org/ebooks/8979
942 _cAB
999 _c238263
_d238263